All Webkinz Pets - Statistics

General Stats
  • This quiz has been taken 117 times
    13 since last reset
  • The average score is 715 of 1415
Answer Stats
Answer % Correct
Cat
100%
Golden Retriever
100%
Hippo
100%
Pig
100%
Poodle
100%
Aardvark
92%
Arctic Fox
92%
Bat
92%
Black and White Cat
92%
Black and White Cheeky Dog
92%
Black Bear
92%
Black Lab
92%
Black Poodle
92%
Blue Googles
92%
Blue Jay
92%
Blue Whale
92%
Bottlenose Dolphin
92%
Bulldog
92%
Calico Cat
92%
Cardinal
92%
Cheeky Cat
92%
Cheeky Dog
92%
Cheeky Monkey
92%
Cheshire Cat
92%
Chicken
92%
Chihuahua
92%
Chocolate Lab
92%
Clown Fish
92%
Cow
92%
Deer
92%
Dog
92%
Donkey
92%
Elephant
92%
Fox
92%
Frog
92%
Googles
92%
Gorilla
92%
Grey Owl
92%
Horse
92%
Hyena
92%
Lamb
92%
Leopard
92%
Lion
92%
Moose
92%
Orca Whale
92%
Pink and White Cat
92%
Pink Pony
92%
Pink Poodle
92%
Polar Bear
92%
Reindeer
92%
Robin
92%
Rooster
92%
Seal
92%
Shark
92%
Sheep
92%
Snow Leopard
92%
Snowy Owl
92%
Spotted Frog
92%
Tiger
92%
Tiger Snake
92%
Unicorn
92%
Vampire Bat
92%
Walrus
92%
Yellow Lab
92%
Zebra
92%
10 Year Magic W Cat
83%
10 Year Magic W Pup
83%
Aloha Dolphin
83%
Bengal Tiger
83%
Bernese Mountain Dog
83%
Betta Fish
83%
Black Cat
83%
Black Panther
83%
Blufadoodle
83%
Blushing Fawn
83%
Brown Arabian
83%
Brown Dog
83%
Bull Frog
83%
Bumblebee
83%
Camel
83%
Canary
83%
Candy Googles
83%
Capybara
83%
Caramel Lion
83%
Carrots Bunny
83%
Cheeky Cherry Hippo
83%
Cheer Pup
83%
Chickadee
83%
Chipmunk
83%
Clover Cat
83%
Clover Puppy
83%
Clydesdale
83%
Cockapoo
83%
Coyote
83%
Crocodile
83%
Daisy Lion
83%
Dalmatian
83%
Dandy Lion
83%
Dodo Bird
83%
Donkey Foal
83%
Doodle Fadoodle
83%
Duck
83%
Eagle
83%
Endangered Brown Bear
83%
Fantail Goldfish
83%
Fennec Fox
83%
French Hen
83%
FrooFroo Fox
83%
Gargowl
83%
Gecko
83%
Gingerbread Elephant
83%
Gingerbread Elf
83%
Gingerbread Puppy
83%
Gold and White Cat
83%
Golden Retriever (Next)
83%
Gray and White Cat
83%
Gray Squirrel
83%
Grey Arabian
83%
Grey Wolf
83%
Groovy Gorilla
83%
Grumpy Cat
83%
Hedgehog
83%
Holidoodle
83%
Hummingbird
83%
Husky
83%
Koala
83%
Labradoodle
83%
Lil Black and White Cat
83%
Lil Black and White Cheeky Dog
83%
Lil Black Bear
83%
Lil Black Lab
83%
Lil Black Poodle
83%
Lil Chicken
83%
Lil Chihuahua
83%
Lil Cow
83%
Lil Golden Retriever
83%
Lil Googles
83%
Lil Gorilla
83%
Lil Green Bat
83%
Lil Green Snake
83%
Lil Horse
83%
Lil Lamb
83%
Lil Lion
83%
Lil Orange Bat
83%
Lil Orange Snake
83%
Lil Pink Poodle
83%
Lil Polar Bear
83%
Lil Poodle
83%
Lil Purple Bat
83%
Lil Purple Snake
83%
Lil Seal
83%
Lil Tiger
83%
Lil Unicorn
83%
Lionfish
83%
Love Frog
83%
Love Kitten
83%
Love Puppy
83%
Magnificent Macaw
83%
Midnight Monster
83%
Monarch Butterfly
83%
Monkey
83%
Morkie Puppy
83%
Mountain Goat
83%
Mud Hippo
83%
Night Mare
83%
Orangutan
83%
Oriole
83%
Panda
83%
Panther
83%
Papillion Dog
83%
Pegasus
83%
Penguin
83%
Peppermint Puppy
83%
Pink and White Dog
83%
Pink Glitter Fish
83%
Pink Googles
83%
Pink Ribbon Unicorn
83%
Pirate Parrot
83%
Plumfadoodle
83%
Polarberry Bear
83%
Poofy Poodle
83%
Pucker Fish
83%
Purple Monster
83%
Raccoon
83%
Ragdoll Cat
83%
Red Velvet Fox
83%
Rhino
83%
Ribbon Unicorn
83%
Ring Tailed Lemur
83%
Rockerz Cat
83%
Rockerz Coyote
83%
Rockerz Dog
83%
Rockerz Lion
83%
Rockerz Monkey
83%
Rottweiler
83%
Sheepdog
83%
Siamese
83%
Siberian Husky
83%
Signature Timber Wolf
83%
Silverback Gorilla
83%
Sloth
83%
Sloth (Next)
83%
Snowy Googles
83%
Spotted Leopard
83%
Strawberry Fennec Fox
83%
Striped Cheeky Cat
83%
Sun Bear
83%
Sunflower Lion
83%
Sweetheart Monster
83%
Sweetheart Whale
83%
Tie Dyed Pony
83%
Tie Dyed Puppy
83%
Tinkercat
83%
Tinker Chimera
83%
Tinkerpup
83%
Tuxedo Chihuahua
83%
Twenty Year Tiger
83%
Velvety Elephant
83%
Waffle Wallaby
83%
Warthog
83%
White Tiger
83%
Wolf
83%
Yorkie
83%
Zig Zag Zebra
83%
Zombie Pup
83%
Afghan Hound
75%
Agouti Husky
75%
Alley Cat
75%
Alpaca
75%
American Albino
75%
American Black Bear
75%
American Buffalo
75%
Angelfish
75%
Apprentice Owl
75%
Arctic Polar Bear
75%
Aurora Fawn
75%
Baby Alligator
75%
Baby Penguin
75%
Baby Sloth
75%
Barred Owl
75%
Basset Hound
75%
Berry Cheeky Monkey
75%
Big Top Elephant
75%
Billy Goat
75%
Black and White Friesian
75%
Black Friesian
75%
Black Panther Cub
75%
Black Wolf
75%
Blonde Cockapoo
75%
Blonde Labrador
75%
Blossom Fish
75%
Blue Avenue Kitten
75%
Blue Avenue Pomeranian
75%
Blue Bay Dolphin
75%
Brown Cow
75%
Bubblegumasaurus
75%
Bubblegum Cheeky Cat
75%
Budgie
75%
Butterscotch Bunny
75%
Butterscotch Retriever
75%
Canada Goose
75%
Capybara (2026)
75%
Caterpillar
75%
Celestial Unicorn
75%
Cheeky Bunny
75%
Cheetah Cub
75%
Cherry Blossom Bird
75%
Cherry Soda Pup
75%
ChiChi Chihuahua
75%
Chimpanzee
75%
Choco Cheeky Dog
75%
Chocolate Cow
75%
Chocolate Milk Cow
75%
Choco Vanilla Pony
75%
Citrus Dragon
75%
Cloud Lion
75%
Cloud Sheep
75%
Cocker Spaniel
75%
Color Splash Tiger
75%
Cougar Cub
75%
Cream Soda Pup
75%
Curly Lion
75%
Dachshund
75%
Daisy Pig
75%
Dire Wolf
75%
Donkey Pinata
75%
Dreamy Sheep
75%
Endangered Bengal Tiger
75%
Endangered Cape Mountain Zebra
75%
Endangered Clouded Leopard
75%
Endangered Cougar
75%
Endangered Dama Gazelle
75%
Endangered Polar Bear
75%
Endangered Red Wolf
75%
Endangered Spotted Jaguar
75%
Endangered Western Lowland Gorilla
75%
Eskimo Dog
75%
Fleecy Sheep
75%
Flower Frog
75%
Flutter Cow
75%
Flutter Pig
75%
French Bulldog
75%
Frosty Fawn
75%
Gelato Parrot
75%
German Shepherd
75%
Gingerbread Bear
75%
Ginger Cat
75%
Giraffe
75%
Glamorous Gorilla
75%
Glamour Gecko
75%
Global Panda
75%
Gobbler Turkey
75%
Golden Eagle
75%
Golden Turkey
75%
Golden Winged Tiger
75%
Grape Soda Pup
75%
Gray Dire Wolf Pup
75%
Green Peppermint Unicorn
75%
Green Velvet Fox
75%
Grey Tabby Cat
75%
Grizzly Bear
75%
Harmony Puppy
75%
Harvest Owl
75%
Haunted Owl
75%
Highland Cow
75%
Himalayan
75%
Hippie Hippo
75%
Holstein Cow
75%
Hound Dog
75%
Ice Fawn
75%
Icy Mist Leopard
75%
Iguana
75%
Jelly Bean Puppy
75%
Kangaroo
75%
Kiwi Bird
75%
Lady Ostrich
75%
Lavender Honeybee
75%
Lemon-Lime Gecko
75%
Lil Bull Frog
75%
Lil Dalmatian
75%
Lil Elephant
75%
Lil Frog
75%
Lil Gecko
75%
Lil Hippo
75%
Lil Koala
75%
Lil Leopard
75%
Lil Monkey
75%
Lil Panda
75%
Lil Penguin
75%
Lil Pig
75%
Lil Pink Butterfly
75%
Lil Purple Butterfly
75%
Lil Yellow Butterfly
75%
Lil Yorkie
75%
Llama
75%
Lollipop Pup
75%
Love Bear
75%
Love Cub
75%
Love Hedgehog
75%
Lovely Butterfly
75%
Love Monkey
75%
Love Puffin
75%
Lovestruck Panda
75%
Magical Retriever
75%
Mallard Duck
75%
Maltese Puppy
75%
Maltese Tiger
75%
Manatee
75%
Maple Moose
75%
Meerkat
75%
Mohawk Chihuahua
75%
Musical Dalmatian
75%
Mystic Pony
75%
Narwhal
75%
Northern Lights Moose
75%
Okapi
75%
Old English Sheepdog
75%
Opossum
75%
Orange Soda Pup
75%
Ostrich
75%
Panama Sloth
75%
Panda Cub
75%
Panda (Next)
75%
Parakeet
75%
Patchwork Cat
75%
Peace Unicorn
75%
Peaches and Cream Cow
75%
Persian Cat
75%
Pewter Panda
75%
Pink Cockatoo
75%
Pink Iced Penguin
75%
Pink Punch Cheeky Dog
75%
Pinktastic Peacock
75%
Pisces Fish
75%
Pitbull Puppy
75%
Polar Cub
75%
Porcupine
75%
Poshy Poodle
75%
Pretty Panda
75%
Pretty Peacock
75%
Pug
75%
Purple Goldfish
75%
Rabbit
75%
Raccutie
75%
Radiant Rhino
75%
Rainbow Armadillo
75%
Rainbow Googles
75%
Rainbow Hedgehog
75%
Rainbow Zebra
75%
Rascally Raccoon
75%
Red Panda
75%
Red Peppermint Unicorn
75%
Red Squirrel
75%
Renaissance Palace Butterfly
75%
Ribbon Iguana
75%
Ribbon Lion
75%
Rockabilly Rooster
75%
Rockerz Cow
75%
Rockerz Fox
75%
Rockerz Horse
75%
Rockerz Leopard
75%
Rockerz Papillion Dog
75%
Rockerz Poodle
75%
Rockerz Zebra
75%
Rose Lion
75%
Salt and Pepper Dalmatian
75%
Sassy Skunk
75%
Scorpio Snake
75%
Seahorse
75%
Sea Otter
75%
Shiba Inu Dog
75%
Shih Tzu
75%
Signature Arctic Fox
75%
Signature Barn Owl
75%
Signature Bernese Mountain Dog
75%
Signature Black Bear
75%
Signature Calico Cat
75%
Signature Chimpanzee
75%
Signature Cow
75%
Signature Deer
75%
Signature Fox
75%
Signature Golden Retriever
75%
Signature Harp Seal
75%
Signature Hippopotamus
75%
Signature Icy Summit Fox
75%
Signature Kermode Bear
75%
Signature Labradoodle
75%
Signature Lion
75%
Signature Marble Cat
75%
Signature Moose
75%
Signature Normande Cow
75%
Signature Siberian Husky
75%
Signature Snow Leopard
75%
Signature White Bengal Tiger
75%
Signature Yellow Labrador Retriever
75%
Silver Labrador
75%
Skunk
75%
Small Signature Chimpanzee
75%
Small Signature Lamb
75%
Snow Yeti
75%
South African Springbok
75%
Sparkle Harp Seal
75%
Spotted Seal
75%
Springbok
75%
Sterling Cheeky Cat
75%
Stone Lion
75%
Strawberry Cloud Leopard
75%
Strawberry Cow
75%
Striped Snake
75%
Sugarplum Cheeky Monkey
75%
Teacup Pomeranian
75%
Texting Puppy
75%
Tie Dye Frog
75%
Tomato Clown Fish
75%
Tree Frog
75%
Tropical Island Pup
75%
Turkey
75%
Turtle
75%
Tuxedo Cat
75%
Undercover Cat
75%
Vampire Kitten
75%
Violetwing Butterfly
75%
Whimsy Dragon
75%
White Highland Calf
75%
White Mouse
75%
White Peppermint Unicorn
75%
Whooo La La Owl
75%
Winged Tiger
75%
Winter Fawn
75%
Wintermint Husky
75%
Wintermint Reindeer
75%
Wombat
75%
Zebra Foal
75%
Zombie Bear
75%
Zombie Bloodhound
75%
African Black Rhino
67%
African Chimpanzee
67%
Air Fawn
67%
Akita Puppy
67%
American Cocker Spaniel
67%
American German Shepherd
67%
American Golden
67%
Apatosaurus
67%
Autumn Hen
67%
Autumn Owl
67%
Axolotl
67%
Baby Bison
67%
Baby Zebra
67%
Banana Print Monkey
67%
Batik Elephant
67%
Bengal Tiger (2025)
67%
Bernedoodle Puppy
67%
Bernese Mountain Dog (2025)
67%
Black and White Cat (2026)
67%
Bloodhound Pup
67%
Blossom Sea Turtle
67%
Blueberry Cheeky Dog
67%
Blue Trigger Fish
67%
Border Collie
67%
Brilliant Bandit
67%
British Bulldog
67%
Bubblegum Mammoth
67%
Bullmastiff Puppy
67%
Camo Cow
67%
Camo Croc
67%
Camo Rhino
67%
Candy Corn Mouse
67%
Candy Leopard
67%
Capricorn Goat
67%
Carousel Horse
67%
Carrots Hamster
67%
Chameleon
67%
Charcoal Cat
67%
Cheddar Goat
67%
Chocolate Duck
67%
Chocolate Lab (2026)
67%
Cinnamon Guinea Pig
67%
Cinnamon Hamster
67%
Cloud Pegasus
67%
Clover Cub
67%
Cockapoo (2025)
67%
Cocoa Lab
67%
Collie
67%
Colorblock Kitty
67%
Colorblock Monkey
67%
Cookie Hamster
67%
Cookies and Cream Koala
67%
Cookies n Cream Guinea Pig
67%
Cuddly Koala
67%
Curly Camel
67%
Daisy Tortoise
67%
Desert Monkey
67%
Desert Rain Frog
67%
Domino Cat
67%
Earth Fawn
67%
Emerald Lab
67%
Enchanted Goat
67%
Endangered Asian Elephant
67%
Endangered Black African Rhinoceros
67%
Endangered Red Panda
67%
English Cream Retriever
67%
Fancy Flamingo
67%
Ferret
67%
Fire Fawn
67%
Firefly
67%
Flame Point Siamese
67%
Floral Fox
67%
Fresco Hamster
67%
Ginger Bunny
67%
Glitter Fawn
67%
Golden Langur
67%
Golden Lion Tamarin
67%
Golden Pegasus
67%
Grey Langur
67%
Groundhog
67%
Guinea Pig
67%
Holiday Elf
67%
Holiday Kitten
67%
Holiday Puppy
67%
Honey Hamster
67%
Hope Hamster
67%
House Mouse
67%
Ice Penguin
67%
Jackalope
67%
Jolly Holiday Puppy
67%
Kiwi Parrot
67%
Leo Lion
67%
Leopard Lizard
67%
Lilac Guinea Pig
67%
Lil Alley Cat
67%
Lil Blue Lamb
67%
Lil Bulldog
67%
Lil Clydesdale
67%
Lil Cocker Spaniel
67%
Lil Gold and White Cat
67%
Lil Gray and White Cat
67%
Lil Persian Cat
67%
Lil Pink Lamb
67%
Lil Pug
67%
Lil Purple Lamb
67%
Lil Rabbit
67%
Lil Tree Frog
67%
Lioness
67%
Long Haired Yorkie
67%
Love Dino
67%
Love Lion
67%
Lovely Fox
67%
Lovely Love Kitten
67%
Lovely Panda
67%
Lucky Dino
67%
Lynx
67%
Magical Hippogriff
67%
Marble Cat
67%
Marshmallow Chipmunk
67%
Merry Go Round Pony
67%
Midnight Carousel Horse
67%
Minty Moose
67%
Misty Koala
67%
Misty Puppy
67%
Mocha Pup
67%
Music N Dance Pup
67%
Nick Hamster
67%
Olympus Pegasus
67%
Olympus Phoenix
67%
Opal Pup
67%
Orange Goat
67%
Patchy Puppy
67%
Patty Hamster
67%
Peace Bear
67%
Peace n Love Puppy
67%
Peace Puppy
67%
Pearl Pup
67%
Pebble Horse
67%
Petunia Hamster
67%
Phoenix
67%
Pink Dalmatian
67%
Pink Goat
67%
Pink Greyhound
67%
Pizazzy Puppy
67%
Plum Porcupine
67%
Pot Bellied Pig
67%
Pot Bellied Piglet
67%
Powderpuff Porcupine
67%
Prairie Dog
67%
Presto Hamster
67%
Pretty Elephant
67%
Pride Lion
67%
Pterodactyl
67%
Pumpkin Puppy
67%
Purple Floral Fox
67%
Purple Goat
67%
Rainbow Pegasus
67%
Rainforest Frog
67%
Red Velvet Raccoon
67%
Ribbon Yorkie
67%
Rockerz Bulldog
67%
Rockerz Bunny
67%
Rockerz Puppy
67%
Rockerz Raccoon
67%
Rockhopper Penguin
67%
Sapphire Pegasus
67%
Sea Dragon
67%
Shamrock Dragon
67%
Shar Pei
67%
Sifaka Lemur
67%
Signature African Wild Dog
67%
Signature Andean Mountain Cat
67%
Signature Arctic Hare
67%
Signature Barbet
67%
Signature Black Footed Ferret
67%
Signature Cheetah
67%
Signature Cocker Spaniel
67%
Signature English Bulldog
67%
Signature German Shepherd
67%
Signature German Shorthaired Pointer
67%
Signature Giraffe
67%
Signature Highland Cow
67%
Signature Horse
67%
Signature Koala
67%
Signature Ocelot
67%
Signature Orange Tabby
67%
Signature Panda
67%
Signature Penguin
67%
Signature Pig
67%
Signature Pomeranian
67%
Signature Pot-Bellied Pig
67%
Signature Raccoon
67%
Signature Ragdoll Cat
67%
Signature Short Haired Yorkie
67%
Signature Siamese Cat
67%
Signature White Persian Cat
67%
Signature Wild Bactrian Camel
67%
Signature Woodland Raccoon
67%
Small Signature Black Lab
67%
Small Signature Chipmunk
67%
Small Signature German Shepherd
67%
Small Signature Golden Retriever
67%
Small Signature Grey Tabby Cat
67%
Small Signature Tuxedo Cat
67%
Snow Cap Ferret
67%
Snowman
67%
Splash Dragon
67%
Spooky Hamster
67%
Spooky Pup
67%
Spotted Pig
67%
Springer Spaniel
67%
Squirrel Monkey
67%
St. Bernard
67%
Stegosaurus
67%
Storybook Goose
67%
Sun Fox
67%
Sunset Giraffe
67%
Sweetheart Pup
67%
Sweetie Hamster
67%
Swirly Curl Unicorn
67%
Swordfish
67%
Tawny Pup
67%
Teacup Yorkie
67%
Teacup Yorkie (Next)
67%
T-Rex
67%
Triceratops
67%
Two Toned Llama
67%
Weremonster
67%
White Lion
67%
Woolly Mammoth
67%
Zap Hamster
67%
Zebra (2025)
67%
Zen Dragon
67%
Airborne Puppy
58%
Airedale Terrier
58%
Alpine St Bernard
58%
Amethyst Hound
58%
Angora Bunny
58%
Aquamarine Puppy
58%
Baby Bunny
58%
Baby Raccoon
58%
Bassett Hound
58%
Bay Horse
58%
Beagle
58%
Beaver
58%
Bengal Kitten
58%
Black and White Springer
58%
Blonde Dachshund
58%
Brilliant Penguin
58%
Bulldog Puppy
58%
Bull Terrier
58%
Buttercup Pig
58%
Cairn Terrier
58%
Candy Pup
58%
Charming Panda
58%
Chocolate Pup
58%
Chow Chow
58%
Cinnamon Beagle
58%
Cinnamon Dachshund
58%
Cinnamon Squirrel
58%
Cocker Spaniel (Next)
58%
Cocoa Dinosaur
58%
Cookies and Cream Giraffe
58%
Corgi
58%
Corgi Dog
58%
Cupcake Pup
58%
Curious Mouse
58%
Dapple Dachshund
58%
Darling Dino
58%
Dazzle Dachshund
58%
Decade Dragon
58%
Diggity Dino
58%
Elegant Dino
58%
Eluvant
58%
Emerald Dragon
58%
Emperor Dragon
58%
Enchanted Elephant
58%
Enchanted Giraffe
58%
Endangered Iberian Lynx
58%
Fabled Goose
58%
Festive Fawn
58%
Flora Hamster
58%
Flying Pig
58%
Green Earth Puppy
58%
Green Seadragon
58%
Green Velvet Chipmunk
58%
Holstein Cow (Next)
58%
Howdy Horse
58%
Ice Cream Pup
58%
Jack Russell
58%
Key Lime Dino
58%
King Charles Spaniel
58%
Knit Sock Dog
58%
Knit Sock Monkey
58%
Kooky Chameleon
58%
Ladybug
58%
Libra Eagle
58%
Lil Bassett Hound
58%
Lil Husky
58%
Lil Lioness
58%
Lil St Bernard
58%
Lovely Leopard
58%
Love Spaniel
58%
Majestic Tiger
58%
Midnight Marten
58%
Midnight Owl
58%
Mohawk Monkey
58%
Moon Dragon
58%
Moon Fox
58%
Northern Trails Otter
58%
Onyx Monkey
58%
Opal Owl
58%
Peace Out Puppy
58%
Pebble Giraffe
58%
Pelican
58%
Petal Puppy
58%
Pink Hippo
58%
Pinto
58%
Polka Back Fish
58%
Pom Pom Dino
58%
Portuguese Water Dog
58%
Puggle Puppy
58%
Rainbow Rascal
58%
Razzle Dazzle Dog
58%
Red Velvet Tabby
58%
Rock Candy Croc
58%
Sapphire Spaniel
58%
Schnauzer
58%
Scottish Fold Cat
58%
Sherbet Bunny
58%
Shimmer Bunny
58%
Signature Australian Shepherd
58%
Signature Beagle
58%
Signature Beaver
58%
Signature Bengal Cat
58%
Signature Bull Terrier
58%
Signature Collie
58%
Signature Collie Aussie Shepherd
58%
Signature Dutch Bunny
58%
Signature English Spot Bunny
58%
Signature King Charles Cocker Spaniel
58%
Signature Miniature Dachshund
58%
Signature Portuguese Water Dog
58%
Signature West Highland Terrier
58%
Small Signature Pug
58%
Small Signature Sea Turtle
58%
Snow Lynx
58%
Snow Soft Kitty
58%
Snowy Retriever Puppy
58%
Snuggly Koala
58%
Sock Bear
58%
Sock Cow
58%
Sock Elephant
58%
Sock Monkey
58%
Sock Pig
58%
Sparkle Hamster
58%
Springy Kangarooo
58%
Sprinkles Hamster
58%
Stormy Dragon
58%
Storybook Rabbit
58%
Sugar Cookie Mouse
58%
Summer Beaver
58%
Sun Dragon
58%
Sunset Seahorse
58%
Sunshine Hamster
58%
Sweet Elephant
58%
Sweetheart Pony
58%
Taurus Bull
58%
Tigerlily Pup
58%
Tinker Jackalope
58%
Tree Kangaroo
58%
Twilight Phoenix
58%
Vampire Bunny
58%
Waffles Hamster
58%
Welsh Corgi Dog
58%
West Highland Terrier
58%
White Swan
58%
Willow Hamster
58%
Winter Otter
58%
Zircon Puppy
58%
Abyssinian Cat
50%
Apricot Schnoodle Puppy
50%
Aquarius Retriever
50%
Aries Ram
50%
Autumn Bunny
50%
Avocado Bear
50%
Badger
50%
Beagle Puppy
50%
Beaver Kit
50%
Bedtime Puppy
50%
Black Labrador
50%
Blossom Giraffe
50%
Blue Persian Kitten
50%
Bushbaby
50%
Charming Rat
50%
Chinchilla
50%
Chocolate Bunny
50%
Clover Lion
50%
Donut Pup
50%
Elephant (Next)
50%
Enchanted Dragon
50%
Fox Terrier
50%
Gecko (2025)
50%
Golden Dalmatian
50%
Golden Deluxe Dragon
50%
Grey Himalayan
50%
Griffin
50%
Hippo (2025)
50%
Holland Lop Bunny
50%
Hoppy Floppy Bunny
50%
Ice Dragon
50%
Ice Swan
50%
Landrace Pig
50%
Leopard Cub
50%
Lil Blue Chipmunk
50%
Lil Orange Chipmunk
50%
Lil Purple Chipmunk
50%
Lots of Dots Rhino
50%
Magic Meadow Unicorn
50%
Maine Coon Cat
50%
Mohawk Puppy
50%
Moonlight Unicorn
50%
Northern Trails Eagle
50%
Northern Trails Lynx
50%
Norwegian Forest Cat
50%
Oatmeal Kangaroo
50%
Oatmeal Pup
50%
Pine Marten
50%
Pink Zebra
50%
Pom Pom Chinchilla
50%
Pom Pom Kitty
50%
Purple Deluxe Dragon
50%
Red Velvet Rabbit
50%
Rosy Satin Cow
50%
Rosy Satin Guinea Pig
50%
Scottish Terrier
50%
Signature Chow Chow
50%
Signature Lop Bunny
50%
Silversoft Cat
50%
Silversoft Chinchilla
50%
Snowball Bunny
50%
Spotted Spaniel
50%
Spotted Turtle
50%
Stache Dach
50%
Surfin Turtle
50%
Tigerlily Kitten
50%
Twilight Dragon
50%
Weimanraner
50%
White Bunny
50%
White Terrier
50%
Baby Monkey
42%
Baby Weasel
42%
Black Cocker Spaniel
42%
Brown Sugar Puppy
42%
Chihuahua (2025)
42%
Chimpanzee (Next)
42%
Chow Chow Puppy
42%
Clover Unicorn
42%
Cotton Candy Bunny
42%
Fairykinz Bear Cub
42%
Fiesta Chihuahua
42%
Fiesta Unicorn
42%
Floppy Eared Bunny
42%
Gingerbread Kitten
42%
Golden Shepherd Pup
42%
King Schnauzer
42%
Lil White Terrier
42%
Longhorn Steer
42%
Love Giraffe
42%
Marshmallow Bunny
42%
Mini Pinscher Dog
42%
Mint Chocolate Cow
42%
Mint Chocolate Sheep
42%
Moonlight Pegasus
42%
Northern Trails Wolf
42%
Peridot Dog
42%
Pixie Hamster
42%
Pretty Kitty
42%
Red Velvet Fawn
42%
Reindeer Calf
42%
Ruby Retriever
42%
Signature Border Terrier
42%
Snowflake Hamster
42%
Snowflake Pup
42%
Spaniel Pup
42%
St Bernard Puppy
42%
Sugar Cookie Puppy
42%
Sugar Cookie Reindeer
42%
Sugar Glider
42%
Tartan Terrier
42%
White Chocolate Bunny
42%
Winter Tortoise
42%
Bear Cat
33%
Cactus Cat
33%
Caracal Kitten
33%
Chinese Dragon
33%
Chocolate Lamb
33%
Cotton Candy Sheep
33%
Denim and Lace Giraffe
33%
Denim and Lace Pony
33%
Fairykinz Kitten
33%
Fairykinz Panda Cub
33%
Fiesta Bull
33%
Floppy Pig
33%
Fox (2025)
33%
French Bulldog (Next)
33%
German Shepherd (2025)
33%
Meerkat (2025)
33%
Midnight Hamster
33%
Mystical Panda
33%
Northern Trails Beaver
33%
Polka-Dot Puppy
33%
Sparkle Penguin
33%
Spotty Dinosaur
33%
Sweet Spice Cat
33%
Twilight Hamster
33%
Twilight Owl
33%
Virgo Horse
33%
Year 20 Bear
33%
Boston Terrier
25%
Cotton Candy Puppy
25%
Cute Octopus
25%
Earth Dragon
25%
Earthly Fox
25%
Fairykinz Raccoon
25%
Fox Kit
25%
Glitzy Dragin
25%
Golden Fawn
25%
Green Tabby
25%
Moonlight Lion
25%
Mystical Otter
25%
Northern Trails Bear
25%
Polka Dot Dalmatian
25%
Pomsky
25%
Rainbow Panda
25%
Scruffy Puppy
25%
Teal Zebra
25%
Toco Toucan
25%
Unicorn (Next)
25%
Vampire Rat
25%
White Poodle
25%
Baby Elephant
17%
Ballet Pup
17%
Buttons Bear
17%
Cancer Crab
17%
Cotton Candy Raccoon
17%
Cuddle Cat
17%
Daisy Donkey
17%
Diamond Doggy
17%
Festive Mouse
17%
Great Dane Puppy
17%
Moonlight Dragon
17%
Otter Pup
17%
Purple Panther
17%
Samoyed
17%
Seaside Puffin
17%
Sheltie Puppy
17%
Sizzling Swan
17%
Sunflower Dragon
17%
Thunderbird
17%
Baby Ankylosaurus
8%
Baby Raptor
8%
Beanbag Bear
8%
Be Merry Bear
8%
Be Merry Fawn
8%
Bichon Frise
8%
Blue Springtime Chick
8%
Blue Tang
8%
Borzoi Puppy
8%
Boxer
8%
Brown Boston Terrier
8%
Charmed Fox
8%
Cuddly Teddy Bear
8%
Diamond Dragonfly
8%
Dingo Puppy
8%
Earthly Pegasus
8%
Fleecy Soft Kitten
8%
French Poodle
8%
Giraffe (Next)
8%
Gypsy Vanner
8%
Hopping Bunny
8%
Ice Cream Scoop Snail
8%
Jewel Beetle
8%
Jumbleberry Snail
8%
Koala (2025)
8%
Lemon Drop Cow
8%
Lil Blue Piglet
8%
Lil Blue Spring Kitten
8%
Lil Green Piglet
8%
Lil Otter Pup
8%
Lil Peanut Pup
8%
Lil Purple Spring Gosling
8%
Lil Toil Toad
8%
Lil Tricky Owl
8%
Lil Trouble Toad
8%
Lil Wise Owl
8%
Lil Yellow Spring Gosling
8%
Mermazing Hippo
8%
Misty Reindeer
8%
Moonlight Bear
8%
Moonlight Griffin
8%
Moonlight Owl
8%
Moon Monkey
8%
Mystical Crab
8%
Mystical Mouse
8%
Mystical Squirrel
8%
Northern Trails Stag
8%
Painted Caterpillar
8%
Partridge
8%
Party Puppy
8%
Patchwork Leopard
8%
Poinsettia Lion
8%
Poinsettia Lion Cub
8%
Polar Gummy
8%
Polka Dot Cow
8%
Purple Dragonfly
8%
Purple Springtime Chick
8%
Quokka
8%
Raven
8%
Scribbles Pup
8%
Seaspray Dolphin
8%
Sequin Peacock
8%
Silver Fox
8%
Snow Bear
8%
Snow Leopard Cub
8%
Snuggly Teddy Bear
8%
Sugar Rush Butterfly
8%
Sweetheart Fox
8%
Tickled Pink Cat
8%
Turtle Dove
8%
Twilight Lion
8%
Vampire Panther Cub
8%
Violet Lion
8%
Violet Lion Cub
8%
Wheaten Terrier Puppy
8%
Whippet Puppy
8%
White Wallaroo
8%
Yellow Springtime Chick
8%
You and Me Puppy
8%
Baby Polar Moose
0%
Blue Bison Calf
0%
Blue Bobcat
0%
Blue Poinsettia Cub
0%
Blue Ribbon Cow
0%
Blue Ribbon Goat
0%
Blue Salamander
0%
Bobcat Kitten
0%
Bobtail Kitten
0%
Brilliant Pegasus
0%
Brilliant Tortoise
0%
Brilliant Tuxedo Kitty
0%
Candy Apple Camel
0%
Candy Corn Bear
0%
Cattle Dog
0%
Cauliflower Sheep
0%
Chillaxin Penguin
0%
Chillaxin Sloth
0%
Chill Hamster
0%
Chillin Sea Lion
0%
Classic Cookie Raccoon
0%
Coati
0%
Copper Husky Puppy
0%
Cosmic Bear
0%
Cotton Top Tamarin
0%
Countryside Hedgehog
0%
Countryside Mouse
0%
Cozy Crochet Bunny
0%
Cuscus
0%
Dancing Dasher Elk
0%
Dawn Dragon
0%
Daylight Dragon
0%
Dusty Border Collie Puppy
0%
Dwarf Antelope
0%
Egyptian Mau Kitten
0%
Elegant French Bulldog
0%
Fairykinz Tiger Cub
0%
Farm Kitten
0%
Fire Bear
0%
Fire Songbird
0%
Floral Pony
0%
Fluffy Bog Muskrat
0%
Fluffy Speckled Chick
0%
Fresh Spring Fawn
0%
Friendly Dragon
0%
Friendly Monster
0%
Fur Seal Pup
0%
Garden Badger
0%
Garnet Rover
0%
Gemini Butterfly
0%
Glacial Fox
0%
Golden Dox Puppy
0%
Good Fortune Hedgehog
0%
Gordon Setter
0%
Green Shimmer Snake
0%
Green Sloth
0%
Green Snowy Kitten
0%
Green Snowy Puppy
0%
Green Sparkle Bulldog
0%
Grey Vole
0%
Harmony Crane
0%
Harmony Dragon
0%
Harvest Butterfly
0%
Harvest Leopard
0%
Harvest Sheep
0%
Harvest Unicorn
0%
Holiday Hedgehog
0%
Holiday Helper Dragon
0%
Holiday Husky
0%
Holiday Red Reindeer
0%
Holiday Silver Reindeer
0%
Holiday Sloth
0%
Holly Fox
0%
Homespun Groundhog
0%
Homespun Polar Bear
0%
Husky Pup
0%
Iceberg Bear
0%
Ice Lemming
0%
Irish Setter
0%
Jolly Jubilee Otter
0%
Jolly Jubilee Reindeer
0%
Keeshond Puppy
0%
Kiger Mustang
0%
Kinkajou
0%
Lava Dragon
0%
Leonberger
0%
Licorice Fish
0%
Lil Blue Spring Bunny
0%
Lil Blue Spring Fawn
0%
Lil Blue Spring Unicorn
0%
Lil Blue Sweetheart Cow
0%
Lil Green Duckling
0%
Lil Green Goblin
0%
Lil Green Spring Calf
0%
Lil Green Spring Raccoon
0%
Lil Green Weremonster
0%
Lil Green Zombie Rat
0%
Lil Jolly Owl
0%
Lil Kinz Spring Songbird
0%
Lil Magical Munchkin
0%
Lil Midnight Munchkin
0%
Lil Mischievous Munchkin
0%
Lil Orange Goblin
0%
Lil Orange Pony
0%
Lil Orange Spring Bunny
0%
Lil Orange Weremonster
0%
Lil Orange Zombie Rat
0%
Lil Pink Spring Corgi
0%
Lil Pink Spring Fawn
0%
Lil Pink Spring Kitten
0%
Lil Pink Spring Unicorn
0%
Lil Purple Duckling
0%
Lil Purple Goblin
0%
Lil Purple Piglet
0%
Lil Purple Pony
0%
Lil Purple Spring Bunny
0%
Lil Purple Spring Calf
0%
Lil Purple Spring Corgi
0%
Lil Purple Spring Fawn
0%
Lil Purple Spring Kitten
0%
Lil Purple Spring Raccoon
0%
Lil Purple Spring Unicorn
0%
Lil Purple Sweetheart Cow
0%
Lil Purple Weremonster
0%
Lil Purple Zombie Rat
0%
Lil Twisted Toad
0%
Lil Yellow Duckling
0%
Lil Yellow Pony
0%
Lil Yellow Spring Calf
0%
Lil Yellow Spring Corgi
0%
Lil Yellow Spring Raccoon
0%
Lion Cub
0%
Lollipop Snail
0%
Lovely Pomsky
0%
Maned Wolf
0%
Mango Gecko
0%
Marigold Cow
0%
Marmoset
0%
Meadow Hamster
0%
Merle Frenchie Puppy
0%
Merry Mistletoe Bear
0%
Merry Mistletoe Bunny
0%
Merry Mistletoe Goose
0%
Minty Ice Bear
0%
Minty Pig
0%
Misty Wolf
0%
Moonlight Stag
0%
Moonlight Tiger
0%
Moonlight Wolf
0%
Morning Glory Lion Cub
0%
Muntjac Deer
0%
Mystical Dragon
0%
Mystical Golden Googles
0%
Mystical Purple Googles
0%
Mystical Purple Hedgehog
0%
Mystic Moon Bear
0%
Neon Pallas Cat
0%
Neon Winged Zebra
0%
Nightfall Dragon
0%
Nimbi Hamster
0%
Noble Elk
0%
Northern Trails Bighorn Goat
0%
Northern Trails Buffalo
0%
Owlet
0%
Patchwork Cow
0%
Peppermint Carnation Lion Cub
0%
Peppermint Panda
0%
Peppermint Snail
0%
Perky Penguin
0%
Petal Print Giraffe
0%
Petal Print Skunk
0%
Pineapple Turtle
0%
Pine Wolf
0%
Pink Ice Bubblegum Bear
0%
Pink Sweetheart Bunny
0%
Pioneer Pig
0%
Pioneer Pony
0%
Pixie Bunny
0%
Pixie Fox
0%
Playful Purple Giraffe
0%
Polar Penguin
0%
Polar Unicorn
0%
Polka Dot and Striped Bobcat
0%
Porcupette
0%
Prehistoric Mammoth
0%
Pumi Puppy
0%
Puppy Love Pup
0%
Purple Floral Fawn
0%
Purple Persian Kitten
0%
Purple Sweetheart Bunny
0%
Quilted Robin
0%
Quirky Carnival Cub
0%
Quirky Carnival Unicorn
0%
Rainbow Sparkle Fawn
0%
Raindrop Kitten
0%
Rainforest Boa
0%
Rocky Mountain Horse
0%
Royal Cobra
0%
Royal Elephant
0%
Sabertooth Tiger
0%
Sagittarius Buck
0%
Seafoam Sparkle Dolphin
0%
Sequin Fox
0%
Serenity Fairy Fox
0%
Shuffles Hamster
0%
Silkie Chicken
0%
Silk Moth
0%
Silk Sparrow
0%
Sky View Alpaca
0%
Sleepover Cub
0%
Sleepy Woodland Dragon
0%
Smitten Kitten
0%
Snowy Summit Wolf
0%
Soft Rainbow Tiger
0%
Sour Watermelon Hound
0%
Sparkling Mouse
0%
Sparkling Pegasus
0%
Sparkling Puppy
0%
Spectacled Owl
0%
Spotted Genet
0%
Spotted Llama
0%
Spotted Sea Monster
0%
Spring Celebration Bunny
0%
Spring Shepherd
0%
Starry Night Frog
0%
Starry Stallion
0%
St Pats Setter
0%
Strawberry Chiffon Squirrel
0%
Stylish House Cat
0%
Sugar and Spice Fawn
0%
Sugar and Spice Puppy
0%
Sugar Coated Kitty
0%
Sugar Cookie Sheep
0%
Sugarplum Fox
0%
Sugar Plum Sparkle Pegasus
0%
Summer Citrus Bobcat
0%
Sweet Corn Tiger
0%
Sweetheart Chipmunk
0%
Sweetheart Sprite
0%
Sweet Pea Dragonfly
0%
Sweet Spring Fox
0%
Sweet Spring Guinea Pig
0%
Sweet Spring Lamb
0%
Sweet Spring Raccoon
0%
Sweet Tooth Tiger
0%
Tanuki
0%
Tartan Pony
0%
Tawny Lion Cub
0%
Tender Tidings Elephant
0%
Tender Tidings Tiger
0%
Ten Ton Elephant
0%
Timeless Wolf
0%
Toadstool Frog
0%
Topaz Terrier
0%
Tranquility Fairy Fox
0%
Tranquility Hippo
0%
Tranquil Rabbit
0%
Trick or Treat Troll
0%
Tropical Agouti
0%
Tulip Pony
0%
Twilight Doe
0%
Upbeat Chic Giraffe
0%
Upbeat Chic Owl
0%
Valentine Fawn
0%
Vampire Monkey
0%
White Cosmic Bear
0%
White Cosmic Wolf
0%
White Dire Wolf Pup
0%
Wildflower Fox
0%
Wild Piglet
0%
Winter Carnival Bunny
0%
Winter Goat
0%
Winter Reindeer Pegasus
0%
Winter Solstice Stag
0%
Winter Squirrel
0%
Wolf Pup
0%
Wolverine
0%
Woolly Piglet
0%
Yellow Fluffy Cub
0%
Yuletide Kitten
0%
No matching quizzes found
Score Distribution
Percent of People with Each Score
Percentile by Number Answered
Your Score History
You have not taken this quiz since the last reset